=LDR 00000nam 2200000 4500 =001 INLIS000000000050731 =005 20170516070207 =035 ##$$a 0010-0517000384 =007 ta =008 170516###########################0###### =020 ##$$a 978 - 602 - 9212 - 27 - 3 =082 ##$$a 920.02 =084 ##$$a 920.02 ROS j =100 #$$a Roston, Miles =245 1#$$a Jejak - jejak pengubah dunia /$c Miles Roston =250 ##$$a Cet.1 =260 ##$$a Solo :$b Tiga Serangkai,$c 2012 =300 ##$$a xviii, 470 hlm : $b ilus ; $c 20 cm =650 ##$$a BIOGRAFI =990 ##$$a 84918491 =990 ##$$a 84918491 =990 ##$$a 31701421 =990 ##$$a 02201708491 =990 ##$$a 31701422 =990 ##$$a 31701421